<?xml version="1.0" encoding="UTF-8"?><?xml-stylesheet type="text/xsl" href="static/style.xsl"?><OAI-PMH xmlns="http://www.openarchives.org/OAI/2.0/" xmlns:xsi="http://www.w3.org/2001/XMLSchema-instance" xsi:schemaLocation="http://www.openarchives.org/OAI/2.0/ http://www.openarchives.org/OAI/2.0/OAI-PMH.xsd"><responseDate>2026-04-18T00:13:30Z</responseDate><request verb="GetRecord" identifier="oai:www.recercat.cat:10230/21001" metadataPrefix="marc">https://recercat.cat/oai/request</request><GetRecord><record><header><identifier>oai:recercat.cat:10230/21001</identifier><datestamp>2025-12-20T20:24:10Z</datestamp><setSpec>com_2072_6</setSpec><setSpec>col_2072_452954</setSpec></header><metadata><record xmlns="http://www.loc.gov/MARC21/slim" xmlns:dcterms="http://purl.org/dc/terms/" xmlns:xsi="http://www.w3.org/2001/XMLSchema-instance" xmlns:doc="http://www.lyncode.com/xoai" xsi:schemaLocation="http://www.loc.gov/MARC21/slim http://www.loc.gov/standards/marcxml/schema/MARC21slim.xsd">
   <leader>00925njm 22002777a 4500</leader>
   <datafield ind2=" " ind1=" " tag="042">
      <subfield code="a">dc</subfield>
   </datafield>
   <datafield ind2=" " ind1=" " tag="720">
      <subfield code="a">Fernández Morales, Jessica</subfield>
      <subfield code="e">author</subfield>
   </datafield>
   <datafield ind2=" " ind1=" " tag="260">
      <subfield code="c">2013-09-12T16:33:24Z</subfield>
   </datafield>
   <datafield ind2=" " ind1=" " tag="260">
      <subfield code="c">2013-09-12T16:33:24Z</subfield>
   </datafield>
   <datafield ind2=" " ind1=" " tag="260">
      <subfield code="c">2013-05-31</subfield>
   </datafield>
   <datafield ind2=" " ind1=" " tag="520">
      <subfield code="a">Treball de fi de màster de l&amp;apos;especialitat de Ciències Naturals. Màster de Formació del professorat d&amp;apos;Educació Secundària UPF-UOC</subfield>
   </datafield>
   <datafield ind2=" " ind1=" " tag="520">
      <subfield code="a">Mentors: Carme Gallardo i Josep Maria Guiu de l&amp;apos;Institut Rovira i Forns (Santa Perpètua de Mogoda)</subfield>
   </datafield>
   <datafield ind2=" " ind1=" " tag="520">
      <subfield code="a">Tutor UPF: Marcel Costa</subfield>
   </datafield>
   <datafield ind2=" " ind1=" " tag="520">
      <subfield code="a">Aquest treball planteja una proposta per reduir les dificultats d’aprenentatge a les aules de ciències mitjançant l’ús d’eines de regulació que ajuden a guiar la construcció del coneixement. Des de la perspectiva dels àmbits de la recerca educativa, aquest treball  s’emmarca dins de l’aprenentatge de les ciències. El Disney experimental combina el mètode descriptiu (observació de dificultats d’aprenentatge i dels estils cognitius dels alumnes) amb la metodologia de recerca-acció, mitjançant l’ús d’eines de regulació per a transformar la realitat observada. L’estudi es va dur a terme durant l’aplicació d’una unitat didàctica amb alumnes de 3er ESO de l’assignatura de Biologia-Geologia per la qual es van dissenyar unes bases d’orientació específiques per a les dificultats previstes en aquesta unitat. /nAquest treball aporta una valoració interessant de les eines de regulació per part dels alumnes i dels professors. S’utilitzen i analitzen instruments per conèixer l’estil cognitiu dels alumnes que poden ser útils pels docents, tant de ciències com d’altres/nmatèries.</subfield>
   </datafield>
   <datafield tag="653" ind2=" " ind1=" ">
      <subfield code="a">Trastorns de l&amp;apos;aprenentatge</subfield>
   </datafield>
   <datafield tag="653" ind2=" " ind1=" ">
      <subfield code="a">Ciència -- Ensenyament secundari</subfield>
   </datafield>
   <datafield tag="653" ind2=" " ind1=" ">
      <subfield code="a">Treball de fi de màster – Curs 2012-2013</subfield>
   </datafield>
   <datafield ind2="0" ind1="0" tag="245">
      <subfield code="a">Dificultats d’aprenentatge a l’aula ordinària : aplicació de les eines de regulació a la didàctica de les ciències naturals</subfield>
   </datafield>
</record></metadata></record></GetRecord></OAI-PMH>